[Event "South America-ch 1st"]
[Site "Lima"]
[Date "2023.09.18"]
[Round "5"]
[White "Bedoya Rosales, Luis"]
[Black "Vidalon, Raul"]
[Result "1-0"]
[WhiteElo "1971"]
[BlackElo "1559"]
[PlyCount "105"]
[EventDate "2023.09.14"]
[EventType "swiss"]
[EventRounds "9"]
[EventCountry "PER"]
[SourceTitle "EXT 2024"]
[Source "ChessBase"]
[SourceDate "2023.10.10"]
[SourceVersion "1"]
[SourceVersionDate "2023.10.10"]
[SourceQuality "1"]

1. e4 c5 2. Nf3 Nc6 3. d4 cxd4 4. Nxd4 Nf6 5. Nc3 e5 6. Ndb5 d6 7. Bg5 a6 8. Na3 b5 9. Nd5 Be7 10. Bxf6 Bxf6 11. c3 Bg5 12. Nc2 0-0 13. a4 bxa4 14. Rxa4 a5 15. Bc4 Be6 16. Nce3 Ne7 17. 0-0 Nxd5 18. Nxd5 Kh8 19. Qe2 Bd7 20. Ra2 f5 21. exf5 Bxf5 22. Rfa1 Be6 23. b4 Bxd5 24. Bxd5 Ra7 25. Rxa5 Rxa5 26. Rxa5 Qc7 27. Qd3 Qb6 28. Ra2 Bh4 29. g3 Bg5 30. Kg2 g6 31. h4 Bf6 32. Be4 Qc7 33. Ra8 Rxa8 34. Bxa8 Kg7 35. Be4 Kh8 36. c4 Bd8 37. Bd5 Qe7 38. Qe3 Bc7 39. h5 gxh5 40. Qh6 h4 41. Qxh4 Qf8 42. Be4 Qf7 43. Bd5 Qf8 44. Qg4 Bb6 45. Qf3 Qxf3+ 46. Bxf3 Kg7 47. Be4 h6 48. f4 exf4 49. gxf4 Bd4 50. Kf3 Bc3 51. b5 Bd4 52. Bf5 Kf6 53. Ke4 1-0

[Event "South America-ch 1st"]
[Site "Lima"]
[Date "2023.09.15"]
[Round "2"]
[White "Pezo Flores, Ramiro Golber"]
[Black "Bedoya Rosales, Luis"]
[Result "0-1"]
[WhiteElo "1515"]
[BlackElo "1971"]
[PlyCount "90"]
[EventDate "2023.09.14"]
[EventType "swiss"]
[EventRounds "9"]
[EventCountry "PER"]
[SourceTitle "EXT 2024"]
[Source "ChessBase"]
[SourceDate "2023.10.10"]
[SourceVersion "1"]
[SourceVersionDate "2023.10.10"]
[SourceQuality "1"]

1. e4 c5 2. f4 d5 3. Nc3 dxe4 4. Nxe4 e6 5. Nf3 Nc6 6. Bc4 Nf6 7. Ng3 Bd6 8. d3 Qc7 9. 0-0 Bxf4 10. c3 0-0 11. Ng5 Bxc1 12. Rxc1 Qe7 13. Qe2 h6 14. N5e4 Nxe4 15. Qxe4 Bd7 16. Bb3 Rae8 17. Rce1 Kh8 18. Bc2 f5 19. Qe2 Qg5 20. Qf2 b6 21. d4 cxd4 22. cxd4 Nb4 23. Bb1 Bb5 24. Rd1 Bxf1 25. Nxf1 Nd5 26. Re1 Nf4 27. Qf3 Nd5 28. Ng3 Qf4 29. Qd3 Rc8 30. Ne2 Qg5 31. Nc3 Rfe8 32. h3 Qf6 33. Nb5 Qe7 34. a3 Red8 35. Nc3 Qd6 36. Ne2 Nf4 37. Nxf4 Qxf4 38. Ba2 Rc1 39. Rxc1 Qxc1+ 40. Kh2 Qf4+ 41. Qg3 Rxd4 42. Bxe6 g6 43. b3 Kg7 44. a4 Kf6 45. Bg8 h5 0-1

[Event "PER-ch"]
[Site "Lima"]
[Date "2023.09.03"]
[Round "9"]
[White "Pezo Flores, Ramiro Golber"]
[Black "Bedoya Rosales, Luis"]
[Result "0-1"]
[WhiteElo "1515"]
[BlackElo "1971"]
[PlyCount "104"]
[EventDate "2023.08.29"]
[EventType "swiss"]
[EventRounds "9"]
[EventCountry "PER"]
[SourceTitle "EXT 2024"]
[Source "ChessBase"]
[SourceDate "2023.10.10"]
[SourceVersion "1"]
[SourceVersionDate "2023.10.10"]
[SourceQuality "1"]

1. e4 c5 2. f4 d5 3. Nc3 dxe4 4. Nxe4 e6 5. Nf3 Nc6 6. Bc4 Nf6 7. Ng3 Bd6 8. d3 0-0 9. 0-0 Qc7 10. Ng5 Na5 11. Bb3 Nxb3 12. axb3 b6 13. Bd2 Bb7 14. Nh5 Nxh5 15. Qxh5 h6 16. Ne4 Rad8 17. Nxd6 Rxd6 18. Bc3 f6 19. Rae1 Qf7 20. Qg4 Re8 21. Qg3 Kh7 22. Qh3 Rd5 23. f5 exf5 24. Rxe8 Qxe8 25. Re1 Qd7 26. Qh4 Qc6 27. Qg3 Rd7 28. Re2 Qd5 29. Re8 f4 30. Qf2 f3 31. Qxf3 Qxf3 32. gxf3 Bxf3 33. Kf2 Bd1 34. b4 cxb4 35. Bxb4 Bxc2 36. d4 Rxd4 37. Bc3 Rd7 38. Re6 Bb3 39. Re3 Bf7 40. Ke2 Bh5+ 41. Kf2 Kg6 42. Kg3 Kf7 43. Kh4 Bg6 44. Kg3 Rd3 45. Kf4 Rxe3 46. Kxe3 Bc2 47. Kf4 g5+ 48. Kf3 Ke6 49. h3 h5 50. b4 h4 51. Bd4 Bd3 52. Ke3 Bf1 0-1

[Event "PER-ch"]
[Site "Lima"]
[Date "2023.08.30"]
[Round "3"]
[White "Villafuerte Mamani, Khalid Stephano"]
[Black "Bedoya Rosales, Luis"]
[Result "1/2-1/2"]
[WhiteElo "1637"]
[BlackElo "1971"]
[PlyCount "131"]
[EventDate "2023.08.29"]
[EventType "swiss"]
[EventRounds "9"]
[EventCountry "PER"]
[SourceTitle "EXT 2024"]
[Source "ChessBase"]
[SourceDate "2023.10.10"]
[SourceVersion "1"]
[SourceVersionDate "2023.10.10"]
[SourceQuality "1"]

1. e4 c5 2. Nc3 e6 3. g3 Nc6 4. Bg2 g6 5. f4 d6 6. d3 Bg7 7. Nf3 Nge7 8. 0-0 0-0 9. Be3 Nd4 10. e5 Nef5 11. Bf2 Nxf3+ 12. Qxf3 Nd4 13. Qd1 dxe5 14. fxe5 Bxe5 15. Na4 Rb8 16. c3 Nf5 17. Bxc5 b5 18. Bxf8 Qxf8 19. d4 Bd6 20. Nc5 Ne3 21. Qf3 Nxf1 22. Ne4 Nd2 23. Nxd2 Bb7 24. Qe2 Bxg2 25. Kxg2 Qc8 26. Rf1 Qc6+ 27. Qf3 Qxf3+ 28. Kxf3 Rc8 29. Ke2 Kg7 30. Ne4 Be7 31. Kd3 h5 32. b3 g5 33. c4 bxc4+ 34. bxc4 Rb8 35. Kc3 f5 36. Nf2 Bf6 37. Nd3 g4 38. Nf4 Kf7 39. Nxh5 Bg5 40. Nf4 Rh8 41. h4 gxh3 42. Rh1 h2 43. c5 Bxf4 44. gxf4 Ke7 45. Kc4 Rh4 46. Kb5 Kd7 47. a4 Kc7 48. a5 a6+ 49. Kxa6 Kc6 50. Ka7 Rxf4 51. Rxh2 Rxd4 52. Re2 Rd7+ 53. Kb8 Rd8+ 54. Ka7 Re8 55. Re5 f4 56. a6 f3 57. Re3 Rf8 58. Rxe6+ Kxc5 59. Re1 f2 60. Rc1+ Kd4 61. Rf1 Ke3 62. Kb7 Ke2 63. Rxf2+ Kxf2 64. a7 Ke3 65. a8Q Rxa8 66. Kxa8 1/2-1/2

[Event "Sabadell op-B 12th"]
[Site "Sabadell"]
[Date "2019.09.04"]
[Round "3"]
[White "Ruiz Bravo, Alfonso"]
[Black "Bedoya Rosales, Luis"]
[Result "0-1"]
[WhiteElo "1947"]
[BlackElo "1918"]
[PlyCount "80"]
[EventDate "2019.09.02"]
[EventType "swiss"]
[EventRounds "9"]
[EventCountry "ESP"]
[SourceTitle "EXT 2021"]
[Source "ChessBase"]
[SourceDate "2020.10.23"]
[SourceVersion "1"]
[SourceVersionDate "2020.10.23"]
[SourceQuality "1"]

1. e4 c5 2. Nf3 e6 3. d4 cxd4 4. Nxd4 Nc6 5. Be3 Nf6 6. Nc3 Qc7 7. a3 a6 8. Be2 Be7 9. 0-0 0-0 10. f4 d6 11. Kh1 Bd7 12. Qe1 Rfe8 13. Qg3 Bf8 14. Nf3 d5 15. e5 Ne4 16. Nxe4 dxe4 17. Ng5 Ne7 18. Qh3 h6 19. Nxe4 Qxc2 20. Nc5 Qxe2 21. Nxd7 Nf5 22. Rae1 Qb5 23. Nxf8 Rxf8 24. g4 Nxe3 25. Qxe3 Rac8 26. b4 Qd5+ 27. Kg1 Rc2 28. Rf2 Rfc8 29. Rxc2 Rxc2 30. Re2 Qd1+ 31. Kf2 Rxe2+ 32. Qxe2 Qh1 33. Ke3 Qc1+ 34. Ke4 Qxa3 35. Qc4 Qb2 36. Ke3 Qxh2 37. Qc8+ Kh7 38. Qxb7 Qg3+ 39. Kd4 Qxf4+ 40. Kd3 Qxg4 0-1

[Event "Barcelona Sants op 21st"]
[Site "Barcelona"]
[Date "2019.08.30"]
[Round "8"]
[White "Bedoya Rosales, Luis"]
[Black "Planella Sanchez, Jordi"]
[Result "0-1"]
[WhiteElo "1899"]
[BlackElo "1919"]
[PlyCount "106"]
[EventDate "2019.08.23"]
[EventType "swiss"]
[EventRounds "10"]
[EventCountry "ESP"]
[SourceTitle "EXT 2020"]
[Source "ChessBase"]
[SourceDate "2019.10.17"]
[SourceVersion "1"]
[SourceVersionDate "2019.10.17"]
[SourceQuality "1"]

1. e4 c5 2. Nf3 b6 3. d4 cxd4 4. Nxd4 Bb7 5. Nc3 e6 6. Bd3 a6 7. 0-0 Qc7 8. Qe2 d6 9. Be3 Nf6 10. Rae1 Nbd7 11. f4 Nc5 12. Bf2 Nxd3 13. cxd3 Be7 14. Rc1 Rc8 15. Be3 Qd8 16. Rc2 0-0 17. Rfc1 Qd7 18. h3 Rfd8 19. b3 b5 20. b4 e5 21. Nb3 Re8 22. a3 Bf8 23. Qd1 g6 24. Na5 Ba8 25. Ne2 Nh5 26. Rxc8 Rxc8 27. Rxc8 Qxc8 28. Qc1 Qd7 29. g4 exf4 30. Nxf4 Nxf4 31. Bxf4 Bg7 32. Kh2 f5 33. gxf5 gxf5 34. Qc2 fxe4 35. dxe4 Qe6 36. Qb3 d5 37. exd5 Bxd5 38. Qd3 Qf7 39. Kg3 Bf6 40. Kh2 Qe6 41. Bg3 Bc4 42. Qf3 Bd5 43. Qd3 Kg7 44. Bf4 Qf7 45. Bg3 Kg8 46. Qf5 Be6 47. Qc5 Qd7 48. Bd6 Bxh3 49. Nc6 Bf1 50. Qd5+ Kh8 51. Ne5 Qa7 52. Nf7+ Kg7 53. Bc5 Qxf7 0-1

[Event "Badalona Castella op-B 45th"]
[Site "Badalona"]
[Date "2019.08.05"]
[Round "4.2"]
[White "Fernandez Egea, Andres"]
[Black "Bedoya Rosales, Luis"]
[Result "1-0"]
[WhiteElo "1865"]
[BlackElo "1899"]
[PlyCount "103"]
[EventDate "2019.08.02"]
[EventType "swiss"]
[EventRounds "9"]
[EventCountry "ESP"]
[SourceTitle "EXT 2024"]
[Source "ChessBase"]
[SourceDate "2023.10.10"]
[SourceVersion "1"]
[SourceVersionDate "2023.10.10"]
[SourceQuality "1"]

1. e4 c5 2. Nf3 e6 3. d4 cxd4 4. Nxd4 Nc6 5. c4 Qc7 6. Nc3 a6 7. Nxc6 bxc6 8. Bd3 Nf6 9. 0-0 Bd6 10. f4 Bc5+ 11. Kh1 d6 12. Qe2 Bd4 13. Be3 Bxe3 14. Qxe3 e5 15. fxe5 Ng4 16. Qg5 0-0 17. Bc2 Nxe5 18. b3 f6 19. Qe3 Qa7 20. Qg3 Bg4 21. h3 Bh5 22. Rf5 Bg6 23. Rf2 Rfe8 24. Rd1 Rad8 25. Ne2 Bh5 26. Rd2 Bxe2 27. Rfxe2 a5 28. Rf2 Kh8 29. Rf5 Nf7 30. Qc3 Re5 31. Rdf2 Qc5 32. h4 Rde8 33. R5f4 Nd8 34. Rd2 Ne6 35. Rf3 Nd8 36. Rf4 d5 37. Qd3 d4 38. Bd1 Ne6 39. Rg4 h5 40. Rg3 Qb4 41. Bf3 c5 42. Qe2 Nf4 43. Qd1 Ra8 44. Qc1 Ne6 45. Qd1 a4 46. Bxh5 axb3 47. axb3 Nf4 48. Bf7 Rxe4 49. Qg4 g5 50. hxg5 Ra1+ 51. Kh2 Ree1 52. Qc8+ 1-0

[Event "Badalona Castella op-B 45th"]
[Site "Badalona"]
[Date "2019.08.02"]
[Round "1.6"]
[White "Bedoya Rosales, Luis"]
[Black "Giralt Garcia, Joaquin"]
[Result "1-0"]
[WhiteElo "1899"]
[BlackElo "1563"]
[PlyCount "63"]
[EventDate "2019.08.02"]
[EventType "swiss"]
[EventRounds "9"]
[EventCountry "ESP"]
[SourceTitle "EXT 2024"]
[Source "ChessBase"]
[SourceDate "2023.10.10"]
[SourceVersion "1"]
[SourceVersionDate "2023.10.10"]
[SourceQuality "1"]

1. e4 d5 2. exd5 Qxd5 3. Nc3 Qa5 4. d4 c6 5. Bd2 Qc7 6. Nf3 Bg4 7. h3 Bxf3 8. Qxf3 e6 9. Bd3 Nf6 10. 0-0 Bd6 11. Ne4 Nxe4 12. Qxe4 Nd7 13. Rfe1 0-0-0 14. Qf3 Nf6 15. c4 Qd7 16. Bc3 h5 17. a4 h4 18. a5 Nh5 19. a6 f5 20. axb7+ Kxb7 21. c5 Bb8 22. Ba6+ Ka8 23. Bb5 Kb7 24. Ra6 Rc8 25. Ra4 Ka8 26. Ba6 Qc7 27. Rb4 Qh2+ 28. Kf1 Qc7 29. Rxe6 Nf6 30. Rxc6 Qxc6 31. Qxc6+ Rxc6 32. Bb7# 1-0

[Event "Guayaquil zt 2.4"]
[Site "Guayaquil"]
[Date "2019.04.10"]
[Round "2"]
[White "Navarro Ariza, Justin Jeshua"]
[Black "Bedoya Rosales, Luis"]
[Result "0-1"]
[WhiteElo "1779"]
[BlackElo "1926"]
[PlyCount "78"]
[EventDate "2019.04.09"]
[EventType "swiss"]
[EventRounds "9"]
[EventCountry "ECU"]
[SourceTitle "CBM 189 Extra"]
[Source "ChessBase"]
[SourceDate "2019.06.03"]
[SourceVersion "1"]
[SourceVersionDate "2019.06.03"]
[SourceQuality "1"]

1. e4 c5 2. Nf3 e6 3. d4 cxd4 4. Nxd4 Nc6 5. Nxc6 bxc6 6. Nc3 d5 7. exd5 cxd5 8. Bb5+ Bd7 9. Bf4 Bxb5 10. Nxb5 Qa5+ 11. Nc3 Nf6 12. 0-0 Be7 13. Be5 0-0 14. f4 Nd7 15. Kh1 Nxe5 16. fxe5 Rab8 17. Qg4 Rxb2 18. Ne2 Rb4 19. Nf4 Re4 20. Qg3 Qc7 21. Nd3 Rc8 22. Rab1 f5 23. exf6 Bxf6 24. Qh3 Rb8 25. Rxb8+ Qxb8 26. Nc5 Qb5 27. Nd3 h6 28. g3 Kh7 29. Nf2 Re2 30. Kg1 Bd4 31. Qg4 Bb6 32. a4 Qc4 33. Qxc4 dxc4 34. Kg2 Rxc2 35. Kf3 Rxf2+ 36. Rxf2 Bxf2 37. Kxf2 Kg6 38. Ke3 e5 39. Kd2 e4 0-1

[Event "PER-ch"]
[Site "Lima"]
[Date "2017.03.03"]
[Round "6"]
[White "Bedoya Rosales, Luis"]
[Black "Robledo, Manuel"]
[Result "1-0"]
[WhiteElo "1815"]
[BlackElo "2173"]
[PlyCount "75"]
[EventDate "2017.03.01"]
[EventType "swiss"]
[EventRounds "9"]
[EventCountry "PER"]
[SourceTitle "CBM 177 Extra"]
[Source "ChessBase"]
[SourceDate "2017.04.27"]
[SourceVersion "1"]
[SourceVersionDate "2017.04.27"]
[SourceQuality "1"]

1. e4 c5 2. Nf3 d6 3. d4 cxd4 4. Nxd4 Nf6 5. Nc3 a6 6. Bc4 e6 7. Bb3 Nbd7 8. f4 Nc5 9. 0-0 Qc7 10. Qf3 Be7 11. Be3 0-0 12. g4 b5 13. g5 Nfxe4 14. Nxe4 Bb7 15. Nxe6 fxe6 16. Bxc5 dxc5 17. Bxe6+ Kh8 18. g6 h6 19. Rae1 c4 20. Kh1 Rad8 21. Bh3 Rd2 22. Nxd2 Bxf3+ 23. Rxf3 Bh4 24. Re2 Qc6 25. Be6 Rd8 26. Bf7 Qb7 27. Kg2 Be7 28. Ne4 Bf8 29. Kg3 Rd1 30. Rfe3 Qc6 31. Kf2 Rd4 32. Kg3 Qc7 33. Kg4 b4 34. Rf2 a5 35. Ng5 Qd7+ 36. Be6 h5+ 37. Kxh5 Qb5 38. Kg4 1-0

[Event "Santiago de Surco Cup Santa Maria 1st"]
[Site "Santiago de Surco"]
[Date "2016.12.08"]
[Round "6.4"]
[White "Bedoya Rosales, Luis"]
[Black "Garcia Benavides, Omar"]
[Result "0-1"]
[WhiteElo "1897"]
[BlackElo "2030"]
[PlyCount "70"]
[EventDate "2016.11.26"]
[EventType "swiss"]
[EventRounds "7"]
[EventCountry "PER"]
[SourceTitle "EXT 2024"]
[Source "ChessBase"]
[SourceDate "2023.10.10"]
[SourceVersion "1"]
[SourceVersionDate "2023.10.10"]
[SourceQuality "1"]

1. e4 d6 2. d4 g6 3. Nc3 Bg7 4. Be3 e6 5. Qd2 a6 6. 0-0-0 b5 7. h4 Bb7 8. f3 h6 9. Kb1 Nd7 10. Qe1 Ne7 11. Bd3 Nb6 12. Nce2 Qd7 13. Nh3 0-0-0 14. g4 Kb8 15. c3 Rc8 16. Bc2 Rhd8 17. Qg3 Rg8 18. Bc1 Ka8 19. Nf2 Rcd8 20. Rh3 Qc8 21. f4 f5 22. Qg1 Rdf8 23. Rg3 Bf6 24. g5 Bg7 25. e5 Rh8 26. b3 Qd7 27. Bb2 hxg5 28. hxg5 Rh4 29. Rh3 Rxh3 30. Nxh3 Rh8 31. Qg3 Qc6 32. Neg1 Qg2 33. Qxg2 Bxg2 34. Rd3 Nbd5 35. Rg3 Be4 0-1

[Event "Lima zt 2.4 "]
[Site "Lima"]
[Date "2015.05.09"]
[Round "7"]
[White "Delgado Romero, Marco"]
[Black "Bedoya Rosales, Luis"]
[Result "1/2-1/2"]
[WhiteElo "1698"]
[BlackElo "1924"]
[PlyCount "137"]
[EventDate "2015.05.04"]
[EventType "swiss"]
[EventRounds "9"]
[EventCountry "PER"]
[SourceTitle "CBM 166 Extra"]
[Source "ChessBase"]
[SourceDate "2015.06.18"]
[SourceVersion "1"]
[SourceVersionDate "2015.06.18"]
[SourceQuality "1"]

1. d4 Nf6 2. Nf3 e6 3. c4 Bb4+ 4. Bd2 Qe7 5. a3 Bxd2+ 6. Nbxd2 d6 7. e4 e5 8. d5 a5 9. b4 0-0 10. Be2 Nh5 11. g3 g6 12. 0-0 f5 13. Nh4 Ng7 14. exf5 Nxf5 15. Nxf5 Bxf5 16. Bg4 Nd7 17. Bxf5 Rxf5 18. Ne4 Nf6 19. Nxf6+ Qxf6 20. Qd2 a4 21. Ra2 Kg7 22. c5 Rf3 23. Qe2 Rf8 24. Qb5 e4 25. Qxa4 e3 26. Qc2 h5 27. Qb2 h4 28. Qxf6+ R8xf6 29. Kg2 h3+ 30. Kxh3 Rxf2 31. Raxf2 exf2 32. Kg2 Rf5 33. Rxf2 Rxd5 34. Rc2 c6 35. cxd6 Rxd6 36. Rc3 Rd2+ 37. Kh3 Rb2 38. g4 Kh6 39. Kg3 Rb1 40. Kf4 Re1 41. Re3 Rf1+ 42. Kg3 Ra1 43. h4 Rg1+ 44. Kf4 Rf1+ 45. Ke5 Rh1 46. h5 gxh5 47. gxh5 Rd1 48. Rh3 Rd5+ 49. Ke4 Rd1 50. Rd3 Re1+ 51. Kf5 Re7 52. Kf6 Rc7 53. Ke6 c5 54. Rc3 Rc6+ 55. Kd7 c4 56. a4 Kxh5 57. a5 Kg6 58. a6 Rxa6 59. Rxc4 Rb6 60. Rd4 Rb5 61. Ke6 Kg7 62. Rf4 Kg6 63. Kd7 Kg7 64. Kc7 Kg6 65. Rd4 Kf7 66. Kd6 Kf6 67. Kc7 Kf7 68. Rd7+ Ke8 69. Rd4 1/2-1/2

[Event "Lima zt 2.4 "]
[Site "Lima"]
[Date "2015.05.07"]
[Round "5"]
[White "Palacios, Efrain"]
[Black "Bedoya Rosales, Luis"]
[Result "1-0"]
[WhiteElo "2160"]
[BlackElo "1924"]
[PlyCount "125"]
[EventDate "2015.05.04"]
[EventType "swiss"]
[EventRounds "9"]
[EventCountry "PER"]
[SourceTitle "CBM 166 Extra"]
[Source "ChessBase"]
[SourceDate "2015.06.18"]
[SourceVersion "1"]
[SourceVersionDate "2015.06.18"]
[SourceQuality "1"]

1. c4 Nf6 2. Nc3 g6 3. e4 d6 4. d4 Bg7 5. Nf3 0-0 6. Be2 e5 7. 0-0 Nc6 8. d5 Ne7 9. Ne1 Nd7 10. Bd2 f5 11. Nd3 Kh8 12. a4 Nf6 13. f3 c5 14. a5 Rb8 15. b4 b6 16. Be3 Neg8 17. Qd2 Qe7 18. Rfb1 Bd7 19. axb6 axb6 20. Ra7 Rfc8 21. g4 f4 22. Bf2 g5 23. Kg2 Ne8 24. Qa2 Bf8 25. bxc5 bxc5 26. Rbb7 Rxb7 27. Rxb7 Qd8 28. Bxc5 Rxc5 29. Nxc5 dxc5 30. Qa7 Ngf6 31. Nb5 Kg8 32. Kf1 Bc8 33. Rb6 h5 34. h3 hxg4 35. hxg4 Qe7 36. Ke1 Qxa7 37. Nxa7 Bd7 38. Nb5 Kf7 39. Bd1 Be7 40. Ke2 Bd8 41. Rb7 Ke7 42. Ba4 Nd6 43. Nxd6 Kxd6 44. Bb5 Bc7 45. Ba6 Nxe4 46. fxe4 Bxg4+ 47. Kf2 Bh3 48. Ra7 g4 49. Bb5 g3+ 50. Kf3 Bf1 51. Ra6+ Ke7 52. Ra7 Kd6 53. Ra8 Bd3 54. Re8 Ba5 55. Re6+ Kc7 56. d6+ Kc8 57. Re8+ Bd8 58. Rxe5 Bf1 59. Re8 Bh3 60. Rg8 Be6 61. Rg6 Bf7 62. Rg7 Bh5+ 63. Kxf4 1-0

[Event "PER-ch"]
[Site "Lima"]
[Date "2015.05.03"]
[Round "8"]
[White "Bedoya Rosales, Luis"]
[Black "Rivera, Gerson"]
[Result "1-0"]
[WhiteElo "1924"]
[BlackElo "1643"]
[PlyCount "55"]
[EventDate "2015.04.30"]
[EventType "swiss"]
[EventRounds "8"]
[EventCountry "PER"]
[SourceTitle "CBM 166 Extra"]
[Source "ChessBase"]
[SourceDate "2015.06.18"]
[SourceVersion "1"]
[SourceVersionDate "2015.06.18"]
[SourceQuality "1"]

1. e4 c5 2. Nf3 e6 3. d4 cxd4 4. Nxd4 Nf6 5. Nc3 Nc6 6. Ndb5 Bb4 7. a3 Bxc3+ 8. Nxc3 d5 9. exd5 exd5 10. Bd3 0-0 11. 0-0 h6 12. Re1 d4 13. Ne2 Re8 14. b4 Bg4 15. f3 Be6 16. Nf4 Nd5 17. Nxd5 Bxd5 18. Bf4 Qf6 19. Qd2 Re6 20. Bg3 Rae8 21. Rxe6 Rxe6 22. Re1 Rxe1+ 23. Qxe1 Qd8 24. b5 Ne7 25. Qe5 Be6 26. Qb8 Qxb8 27. Bxb8 Nc8 28. Be5 1-0

[Event "Arequipa GP Peru Sur"]
[Site "Arequipa"]
[Date "2013.06.28"]
[Round "3"]
[White "Bedoya Rosales, Luis"]
[Black "Durand, Maria Paula"]
[Result "1-0"]
[WhiteElo "1937"]
[BlackElo "1598"]
[PlyCount "99"]
[EventDate "2013.06.27"]
[EventType "swiss"]
[EventRounds "8"]
[EventCountry "PER"]
[SourceTitle "EXT 2018"]
[Source "ChessBase"]
[SourceDate "2017.10.13"]
[SourceVersion "1"]
[SourceVersionDate "2017.10.13"]
[SourceQuality "1"]

1. e4 d5 2. exd5 Qxd5 3. Nc3 Qa5 4. d4 Nf6 5. Bd2 c6 6. Ne4 Qc7 7. Nxf6+ exf6 8. Bd3 Be6 9. c4 Nd7 10. Nf3 0-0-0 11. Qa4 Kb8 12. 0-0-0 Nb6 13. Qc2 c5 14. d5 Bg4 15. Be2 Bd6 16. Ng1 Bxe2 17. Nxe2 Nd7 18. g3 h6 19. Bf4 g5 20. Bxd6 Qxd6 21. Nc3 Ne5 22. b3 Nf3 23. Qd3 Nd4 24. Ne2 Nxe2+ 25. Qxe2 Rhe8 26. Qd2 Qe5 27. Kb1 Qf5+ 28. Qc2 Qf3 29. Rhe1 Re5 30. Qd2 Re4 31. Rxe4 Qxe4+ 32. Qc2 Qe5 33. Rd3 Qe1+ 34. Kb2 Qe5+ 35. Qc3 Qe2+ 36. Rd2 Qe7 37. a4 f5 38. Qf3 Qe5+ 39. Qc3 Qe7 40. Rd3 Qe2+ 41. Qd2 Qe5+ 42. Ka2 b6 43. Re3 Qd6 44. Qe2 Kc7 45. Re7+ Rd7 46. Re8 f4 47. Ra8 Kb7 48. Qe8 Ka6 49. Rb8 Re7 50. Qb5# 1-0

[Event "Piura op"]
[Site "Piura"]
[Date "2013.??.??"]
[Round "8"]
[White "Bedoya Rosales, Luis"]
[Black "Frias, Marco"]
[Result "0-1"]
[WhiteElo "1960"]
[BlackElo "2077"]
[PlyCount "52"]
[EventDate "2013.08.12"]
[EventType "swiss"]
[EventRounds "8"]
[EventCountry "PER"]
[SourceTitle "CBM 155 Extra"]
[Source "ChessBase"]
[SourceDate "2013.08.26"]
[SourceVersion "1"]
[SourceVersionDate "2013.08.26"]
[SourceQuality "1"]

1. e4 e6 2. d4 d5 3. Nd2 c5 4. Ngf3 Nc6 5. c3 Nf6 6. e5 Nd7 7. Bd3 Qb6 8. 0-0 cxd4 9. cxd4 Nxd4 10. Nxd4 Qxd4 11. Nf3 Qb6 12. Qa4 Be7 13. Qg4 g6 14. a3 Qb3 15. Bb1 Qc4 16. Qg3 Nc5 17. Ba2 Qd3 18. Bb1 Qb3 19. Ba2 Qa4 20. b4 Ne4 21. Qf4 Nc3 22. Qd2 Nxa2 23. Rxa2 Bd7 24. Nd4 0-0 25. Qe2 a5 26. Be3 axb4 0-1